|
|
|
|
| LEADER |
00722nam a2200193 a 4500 |
| 001 |
GR-MES2644 |
| 008 |
991111s1994 gr 000 0 gre d |
| 020 |
|
|
|a 9602860731
|
| 040 |
|
|
|a GrPaTEI
|b gre
|c GR-PaULI
|
| 245 |
0 |
0 |
|a Μηχανογράφηση.
|
| 260 |
|
|
|a Αθήνα :
|b Ελλην,
|c 1994
|
| 300 |
|
|
|a 256σελ. :
|b σχημ.
|
| 650 |
|
4 |
|a ΜΗΧΑΝΟΓΡΑΦΗΣΗ
|
| 700 |
1 |
|
|a Μανιατοπούλου, Α.
|
| 710 |
0 |
|
|a Ελλην
|
| 942 |
|
|
|2 ddc
|
| 952 |
|
|
|0 0
|1 0
|2 ddc
|4 0
|6 004_000000000000000_ΜΑΝ
|7 0
|9 267064
|a MSLG
|b MSLG
|c BSC
|d 2021-01-17
|e 24
|f 0
|g 0.00
|l 0
|o 004 ΜΑΝ
|p 2420000009037
|r 2021-01-17 00:00:00
|t 1
|w 2021-01-17
|y BK15
|x 19991111 0 1
|x GrPaTEI
|
| 971 |
|
|
|a .b25736899
|b 16-04-20
|c 13-09-16
|
| 999 |
|
|
|c 153715
|d 153715
|